000 00409nam a2200133Ia 4500
005 20251222154306.0
008 251222s9999||||xx |||||||||||||| ||spa||
082 _a333.714.85/L88J
100 _aLépez S., Gabriela
245 0 _a"Plan de manejo participativo del Péramo del caserío San Juan del predio San Juan de Cachiaco, Pocaipampa, Ayabaca"
250 _a1ra. ed.
264 _bConcytec
942 _cLIB
999 _c33200
_d33200